<?xml version="1.0" encoding="UTF-8"?>
<collection xmlns="http://www.loc.gov/MARC21/slim">
  <record>
    <leader>00000nam  2200000   4500</leader>
    <controlfield tag="001">INLIS000000000020641</controlfield>
    <controlfield tag="005">20250725042358</controlfield>
    <datafield tag="035" ind1="#" ind2="#">
      <subfield code="a">0010-0725000171</subfield>
    </datafield>
    <controlfield tag="007">ta</controlfield>
    <controlfield tag="008">250725################|##########|#|##</controlfield>
    <datafield tag="084" ind1="#" ind2="#">
      <subfield code="a">R 0025 PKA 2024</subfield>
    </datafield>
    <datafield tag="100" ind1=" " ind2="#">
      <subfield code="a">Galih Cheria Puspita</subfield>
    </datafield>
    <datafield tag="245" ind1="1" ind2="#">
      <subfield code="a">Strategi Optimalisasi Pembayaran Non Tunai di Kementerian Koperasi dan UKM /</subfield>
      <subfield code="c">Galih Cheria Puspita</subfield>
    </datafield>
    <datafield tag="260" ind1="#" ind2="#">
      <subfield code="a">Jakarta :</subfield>
      <subfield code="b">Pusbangkom Pimnas dan Manajerial ASN,</subfield>
      <subfield code="c">2024</subfield>
    </datafield>
    <datafield tag="300" ind1="#" ind2="#">
      <subfield code="a">15 hlm. ;</subfield>
      <subfield code="c">30 cm</subfield>
    </datafield>
    <datafield tag="650" ind1="#" ind2="4">
      <subfield code="a">Pembayaran Non Tunai</subfield>
    </datafield>
    <datafield tag="520" ind1="#" ind2="#">
      <subfield code="a">Implementasi penggunaan Kartu Kredit Pemerintah (KKP), Cash Management System Virtual Account (CMS-VA), serta platform digital lainnya menjadi langkah konkret menuju digitalisasi transaksi keuangan. Tantangan dalam pelaksanaan seperti resistensi terhadap perubahan dan keterbatasan infrastruktur, berhasil diatasi melalui kerjasama internal yang solid dan dukungan pihak eksternal. Kesuksesan program ini juga tidak lepas dari pembelajaran penting mengenai pentingnya adaptabilitas dan orientasi terhadap hasil. fleksibiltas dalam merespons berbagai hambatan serta kolaborasi erat dengan stakeholder internal dan eksternal telah memperkuat fondasi implementasi kebijakan cashless di Kementerian.</subfield>
    </datafield>
    <datafield tag="990" ind1="#" ind2="#">
      <subfield code="a">2024/1.2.3/A/0025</subfield>
    </datafield>
  </record>
</collection>
